Central Library OPAC University of Rajshahi

Law and social change in India / (Record no. 4551)

MARC details
000 -LEADER
fixed length control field 00631nam a2200217 a 4500
001 - CONTROL NUMBER
control field 4551
003 - CONTROL NUMBER IDENTIFIER
rucl marc code BD-RjUL
005 - DATE AND TIME OF LATEST TRANSACTION
control field 20211208233919.0
008 - FIXED-LENGTH DATA ELEMENTS--GENERAL INFORMATION
fixed length control field 161016s1983 ii b 001 0 eng d
035 ## - SYSTEM CONTROL NUMBER
System control number (BD-RjUL)
040 ## - CATALOGING SOURCE
Original cataloging agency BD-RjUL
Language of cataloging eng
Transcribing agency BD-RjUL
041 ## - LANGUAGE CODE
Language code of text/sound track or separate title eng
082 ## - DEWEY DECIMAL CLASSIFICATION NUMBER
Classification number 344.54
Author mark and year SIL 1983
Edition number 23
100 1# - MAIN ENTRY--PERSONAL NAME
Personal name Sinha, B. S.
Fuller form of name (Balbir Sahai),
Dates associated with a name 1924-
9 (RLIN) 14376
245 10 - TITLE STATEMENT
Title Law and social change in India /
Statement of responsibility, etc. B.S. Sinha
260 ## - PUBLICATION, DISTRIBUTION, ETC. (IMPRINT)
Place of publication, distribution, etc. New Delhi :
Name of publisher, distributor, etc. Deep & Deep,
Date of publication, distribution, etc. [c1983]
300 ## - PHYSICAL DESCRIPTION
Pagination 431 p ;
Size 23 cm
504 ## - BIBLIOGRAPHY, ETC. NOTE
Bibliography, etc Includes index and Bibliography: p. [417]-425
650 #0 - SUBJECT ADDED ENTRY--TOPICAL TERM
Topical term or geographic name as entry element Social legislation
Geographic subdivision India
9 (RLIN) 14377
942 ## - ADDED ENTRY ELEMENTS (KOHA)
Source of classification or shelving scheme Dewey Decimal Classification
Koha item type Books
Holdings
Lost status Source of classification or shelving scheme Damaged status Not for loan Collection code Permanent Location Current Location Shelving location Date acquired Source of acquisition Cost, normal purchase price Total Checkouts Full call number Date last seen Copy number Koha item type
  Dewey Decimal Classification     Non-fiction Central Library, University of Rajshahi Central Library, University of Rajshahi   10/09/1996 Ankur Prakaskani 250.00   344.54 SIL 1983 23/12/2013 C-2 Books
  Dewey Decimal Classification     Non-fiction Central Library, University of Rajshahi Central Library, University of Rajshahi   09/10/1996 Ankor Dhaka 25.00   344.54 SIL 1983 27/07/2016 C-3 Books
  Dewey Decimal Classification     Non-fiction Central Library, University of Rajshahi Central Library, University of Rajshahi   01/04/2000 Lucky Syndicate, Dhaka 260.00   344.54 SIL 1983 27/07/2016 C-4 Books
  Dewey Decimal Classification     Non-fiction Central Library, University of Rajshahi Central Library, University of Rajshahi   09/10/1996 Ankor, Dhaka 260.00   344.54 SIL 1983 16/10/2016 C-1 Books
  Dewey Decimal Classification     Non-fiction Central Library, University of Rajshahi Central Library, University of Rajshahi   09/10/1996 Ankur, Dhaka 250.00   344.54 SIL 1983 21/12/2016 C-5 Books